| 000 | 00633nam a2200205 a 4500 | ||
|---|---|---|---|
| 001 | 000008183 | ||
| 005 | 20240516194749.0 | ||
| 008 | 090915s1987 dr a r 000 0 spa d | ||
| 040 |
_aDO-SdBNP _bspa _cBNPHU |
||
| 082 |
_a641.597293 _bH519m, 1987 |
||
| 100 | 1 |
_aHenríquez de Pou, Silvia _922190 |
|
| 245 | 1 | 0 |
_aMujer 2000 : _brecetas de cocina / _cSilvia H. de Pou. |
| 250 | _a12a. ed. | ||
| 260 |
_aSanto Domingo : _bAmigo del Hogar, _c1987. |
||
| 300 |
_av. : _bil. ; _c24 cm. |
||
| 590 | _aInventariado, 2018/BT | ||
| 650 | 0 |
_aCocina _9360 |
|
| 650 | 4 |
_aPreparación de alimentos _9193 |
|
| 910 | _aValidado. Control de calidad. MFF | ||
| 999 |
_c7958 _d7958 |
||